Das Kölner Bierquiz - Statistiken

Allgemein
  • Dieses Quiz wurde 861 mal gespielt
    642 seit der letzten Aktualisierung
  • Das Durchschnittsergebnis liegt bei 8 aus 21
Antwortstatistiken
Prozent Bier % Korrekt
57% Cöllner Hofbräu Früh
94%
68% Gaffel Kölsch
94%
78% Reissdorf Kölsch
86%
66% Mühlen Kölsch
67%
66% Sion Kölsch
63%
60% Schreckenskammer Kölsch
60%
51% Dom Kölsch
56%
57% Peters Kölsch
55%
56% Gilden Kölsch
45%
73% Päffgen Kölsch
43%
62% Sünner Malz
38%
54% Sester Kölsch
24%
54% Küppers Kölsch
20%
59% Hellers Kölsch
15%
67% Pfaffen Bier
7%
50% Garde Kölsch
4%
50% 1396 - 100% Bier
1%
75% Adelskronen
1%
57% Freischem's Kölsch
1%
85% RODEO Malz
1%
52% Weiss Bräu Kölsch
1%
Keine übereinstimmenden Quizze gefunden
Verteilung der Resultate
Anzahl Personen mit jedem Resultat
Perzentil nach korrekt beantworteten Fragen
Ihre Resultats-Entwicklung
Sie haben dieses Quiz seit der letzten Aktualisierung nicht gespielt